| 000 | 00562nam a2200205 a 4500 | ||
|---|---|---|---|
| 001 | BRCA_6425 | ||
| 005 | 20190320205440.0 | ||
| 008 | 210911s1932----nyuac#####---#000-0#eng-# | ||
| 041 | _aeng | ||
| 044 | _anyu | ||
| 050 | 4 |
_aGV1282.3 _b.C84 1932 |
|
| 100 | 1 |
_aCulbertson, Ely _d1891-1955. _916050 |
|
| 245 | 1 | 0 |
_aContract bridge book _cby Ely Culbertson. |
| 260 |
_aNueva York _bBridge World _c1932 |
||
| 300 |
_axxviii, 348 p. _bil., retratos _c15 cm. |
||
| 500 | _aL8 | ||
| 650 | 1 | 4 |
_aApuestas _xJuego de cartas (Bridge) _915655 |
| 902 | _aGFM | ||
| 942 |
_2lcc _cB |
||
| 999 |
_c6109 _d6109 |
||